[Event "ICS rated blitz match"]
[Site "204.178.125.65"]
[Date "1999.12.05"]
[Round "?"]
[White "Killerplay"]
[Black "Hossa"]
[Result "0-1"]
[WhiteElo "2099"]
[BlackElo "2493"]
[PlyCount "41"]
[EventDate "1999.??.??"]

1. e4 e5 2. Nf3 Nc6 3. Bb5 a6 4. Bxc6 dxc6 5. Nc3 Bg4 6. h3 Bxf3 7. Qxf3 Bb4 8.
O-O Ne7 9. Rd1 Bc5 10. Ne2 O-O 11. c3 f5 12. d4 fxe4 13. Qxe4 exd4 14. Nf4 Rf6
15. Ne6 Qd6 16. Nxc5 Qxc5 17. Qxd4 Qf5 18. Be3 Nd5 19. Qd3 Nxe3 20. Qxe3 Re6
21. Qd3 0-1

[Event "ICS rated blitz match"]
[Site "204.178.125.65"]
[Date "1999.12.05"]
[Round "?"]
[White "Hossa"]
[Black "Killerplay"]
[Result "1-0"]
[WhiteElo "2496"]
[BlackElo "2096"]
[PlyCount "59"]
[EventDate "1999.??.??"]

1. e4 c5 2. Nf3 d6 3. Bb5+ Nc6 4. d4 cxd4 5. Nxd4 Bd7 6. O-O Nf6 7. Nc3 g6 8.
Be3 Bg7 9. Qd2 O-O 10. Bxc6 Bxc6 11. f3 Qc7 12. Rfe1 Rfc8 13. Rac1 a6 14. Bh6
Bh8 15. Rcd1 b5 16. Qg5 b4 17. Nd5 Bxd5 18. exd5 Ra7 19. Nc6 Qb6+ 20. Qe3 Rxc6
21. dxc6 Qxe3+ 22. Bxe3 Rc7 23. Bg5 Rxc6 24. Rxe7 Rxc2 25. Rxd6 Rxb2 26. Bxf6
Bxf6 27. Rxf6 Rxa2 28. Rfxf7 a5 29. Rb7 Rb2 30. Rfd7 1-0

[Event "ICS rated blitz match"]
[Site "204.178.125.65"]
[Date "1999.12.05"]
[Round "?"]
[White "Killerplay"]
[Black "Hossa"]
[Result "0-1"]
[WhiteElo "2093"]
[BlackElo "2499"]
[PlyCount "112"]
[EventDate "1999.??.??"]

1. e4 e5 2. Nf3 Nc6 3. Bb5 a6 4. Bxc6 dxc6 5. Nc3 Bg4 6. h3 Bxf3 7. Qxf3 Bb4 8.
O-O Ne7 9. Rd1 Bc5 10. Ne2 O-O 11. Ng3 Qd7 12. Nf5 Nxf5 13. exf5 Qe7 14. d3
Rad8 15. Be3 Bxe3 16. fxe3 Rd7 17. e4 Rfd8 18. Qe3 Qb4 19. b3 f6 20. Rf1 Qc3
21. Qf2 c5 22. g4 Rd4 23. Rae1 c6 24. h4 Qb2 25. a4 Rf8 26. Re3 Qc3 27. Rg3 b5
28. axb5 axb5 29. g5 Rd7 30. h5 fxg5 31. Rxg5 Rf6 32. Kh1 Kf8 33. Rfg1 Rh6 34.
Qh4 Qa5 35. Qg4 Qc7 36. Ra1 Rd8 37. Kg2 c4 38. bxc4 bxc4 39. Qe2 cxd3 40. cxd3
Rhd6 41. Rg3 Qb6 42. Ra3 Qb8 43. Qa2 Qc8 44. Ra7 R6d7 45. Qa3+ c5 46. Ra6 Rd6
47. Ra5 Rc6 48. h6 gxh6 49. Qb3 c4 50. Qa3+ Kf7 51. Ra7+ Rc7 52. dxc4 h5 53. c5
Rd2+ 54. Kh3 Rxa7 55. Qxa7+ Qd7 56. Qa2+ Rxa2 0-1

[Event "ICS rated blitz match"]
[Site "204.178.125.65"]
[Date "1999.12.05"]
[Round "?"]
[White "Hossa"]
[Black "Killerplay"]
[Result "1-0"]
[WhiteElo "2502"]
[BlackElo "2090"]
[PlyCount "77"]
[EventDate "1999.??.??"]

1. e4 c5 2. Nf3 d6 3. Bb5+ Bd7 4. Bxd7+ Qxd7 5. O-O Nc6 6. d4 cxd4 7. Nxd4 Nf6
8. Nc3 e6 9. Be3 Be7 10. Nxc6 Qxc6 11. Qd4 O-O 12. Rad1 a6 13. Bg5 Rfd8 14. Rd3
Qc5 15. Qxc5 dxc5 16. Rfd1 h6 17. Be3 c4 18. Rd4 b5 19. e5 Rxd4 20. Rxd4 Bc5
21. exf6 Bxd4 22. Bxd4 Rd8 23. Bc5 Rd2 24. fxg7 Rxc2 25. Kf1 Rxb2 26. Bf8 f5
27. a3 a5 28. Nd1 Rb1 29. Ke2 b4 30. axb4 axb4 31. Kd2 b3 32. Ne3 Rb2+ 33. Kc3
Rxf2 34. Nxc4 Rxg2 35. Kxb3 Rxh2 36. Ne5 Rg2 37. Nc6 Rg6 38. Ne7+ Kf7 39. Nxg6
1-0

[Event "ICS rated blitz match"]
[Site "204.178.125.65"]
[Date "1999.12.05"]
[Round "?"]
[White "Killerplay"]
[Black "Hossa"]
[Result "1-0"]
[WhiteElo "2087"]
[BlackElo "2505"]
[PlyCount "107"]
[EventDate "1999.??.??"]

1. e4 e5 2. Nf3 Nc6 3. Bb5 a6 4. Bxc6 dxc6 5. d4 exd4 6. Qxd4 Qxd4 7. Nxd4 Nf6
8. Nc3 Bb4 9. f3 c5 10. Nde2 Be6 11. Be3 O-O-O 12. a3 Bxc3+ 13. Nxc3 Nd7 14.
Kf2 Rhe8 15. Rad1 b6 16. Rd2 Ne5 17. Rxd8+ Rxd8 18. b3 c4 19. b4 Kb7 20. Rd1
Rxd1 21. Nxd1 Nc6 22. f4 f6 23. Kf3 h6 24. g4 g5 25. c3 b5 26. Kg3 a5 27. h4
gxh4+ 28. Kxh4 Ka6 29. Kh5 axb4 30. axb4 Nb8 31. Nf2 Kb7 32. Kxh6 Bc8 33. Kg6
Nd7 34. Bd4 Nf8+ 35. Kf7 Ne6 36. Be3 c6 37. Kxf6 Nc7 38. g5 Be6 39. f5 Bg8 40.
g6 c5 41. Bxc5 Ka8 42. Ke7 Kb7 43. Bd6 Ne8 44. Kxe8 Kc6 45. Bf4 Kb7 46. f6 Be6
47. Ke7 Bd5 48. exd5 Ka7 49. f7 Ka6 50. f8=Q Kb7 51. Kd7 Kb6 52. Qb8+ Ka6 53.
Qc8+ Kb6 54. Be3# 1-0

[Event "ICS rated blitz match"]
[Site "204.178.125.65"]
[Date "1999.12.05"]
[Round "?"]
[White "Killerplay"]
[Black "Hossa"]
[Result "0-1"]
[WhiteElo "2110"]
[BlackElo "2480"]
[PlyCount "29"]
[EventDate "1999.??.??"]

1. e4 c5 2. Nf3 Nc6 3. d4 cxd4 4. Nxd4 Nf6 5. Nc3 e5 6. Nf3 Bb4 7. Bd3 O-O 8.
Bd2 d6 9. h3 Be6 10. a3 Ba5 11. b4 Bb6 12. Bg5 Rc8 13. Nd5 Bxd5 14. exd5 Nd4
15. c3 0-1

[Event "ICS rated blitz match"]
[Site "204.178.125.65"]
[Date "1999.12.05"]
[Round "?"]
[White "Hossa"]
[Black "Rabbit-Basher"]
[Result "1-0"]
[WhiteElo "2483"]
[BlackElo "2210"]
[PlyCount "77"]
[EventDate "1999.??.??"]

1. e4 c5 2. Nf3 d6 3. Bb5+ Nd7 4. d4 cxd4 5. Qxd4 Ngf6 6. e5 dxe5 7. Nxe5 a6 8.
Ba4 e6 9. O-O b5 10. Nxd7 Qxd7 11. Qxd7+ Nxd7 12. Bb3 Nc5 13. Rd1 Bb7 14. Bg5
h6 15. Bf4 Be7 16. Nc3 O-O 17. Bd6 Bxd6 18. Rxd6 Rfd8 19. Rad1 Rxd6 20. Rxd6
Kf8 21. a4 Ke7 22. Rd4 bxa4 23. Bxa4 Nxa4 24. Nxa4 Rd8 25. Rxd8 Kxd8 26. Nc5
Bc8 27. b4 Kc7 28. c4 Kc6 29. Nd3 f6 30. Nf4 e5 31. Nd3 Be6 32. Nb2 f5 33. Kf1
g5 34. Ke2 f4 35. Kd3 Bf5+ 36. Kc3 e4 37. Kd4 Bg6 38. Nd1 g4 39. Nc3 1-0

[Event "ICS rated blitz match"]
[Site "204.178.125.65"]
[Date "1999.12.05"]
[Round "?"]
[White "Hossa"]
[Black "GaryG"]
[Result "1/2-1/2"]
[WhiteElo "2494"]
[BlackElo "2618"]
[PlyCount "85"]
[EventDate "1999.??.??"]

1. e4 c5 2. Nf3 e6 3. d4 cxd4 4. Nxd4 a6 5. Bd3 Nf6 6. O-O Qc7 7. Kh1 Bc5 8.
Nb3 Ba7 9. Be3 Bxe3 10. fxe3 Nc6 11. Nc3 Ne5 12. Be2 b5 13. a3 Bb7 14. Qd4 Neg4
15. g3 e5 16. Qd3 Rc8 17. Rad1 O-O 18. Bf3 Qb6 19. Rde1 Rfe8 20. Kg2 Qc7 21.
Kg1 Nh6 22. Rd1 Re6 23. Bg2 Rc6 24. Rd2 Rxc3 25. bxc3 Qxc3 26. Rfd1 Kh8 27. Nc1
Qxd3 28. Nxd3 Nhg4 29. Re1 Bxe4 30. h3 Bxg2 31. hxg4 Bd5 32. Nxe5 Be6 33. Rd6
Ne4 34. Rxa6 f6 35. Nd3 Rxc2 36. Ra8+ Bg8 37. Nb4 Rd2 38. Rc1 Ng5 39. Kf1 Nf3
40. a4 Nh2+ 41. Ke1 Nf3+ 42. Kf1 Nh2+ 43. Ke1 1/2-1/2

[Event "ICS unrated blitz match"]
[Site "204.178.125.65"]
[Date "1999.12.05"]
[Round "?"]
[White "Moron"]
[Black "Hossa"]
[Result "1-0"]
[WhiteElo "2731"]
[BlackElo "2499"]
[PlyCount "77"]
[EventDate "1999.??.??"]

1. e4 c5 2. Nf3 e6 3. d4 cxd4 4. Nxd4 a6 5. Bd3 Nf6 6. O-O Qc7 7. Qe2 Bd6 8.
Kh1 Nc6 9. Nf3 O-O 10. Bg5 Ng4 11. h3 Nge5 12. Nbd2 Nxd3 13. cxd3 f5 14. a3 Qb8
15. Be3 fxe4 16. dxe4 Bc7 17. Qd3 d6 18. Rfd1 b5 19. Ng5 Ne5 20. Qb3 Rf6 21. f4
Nf7 22. f5 e5 23. Ndf3 h6 24. Nxf7 Rxf7 25. Rac1 Kf8 26. Nh4 Kg8 27. Ng6 Qb7
28. Nh8 Kxh8 29. Qxf7 Ba5 30. Qe8+ Kh7 31. Qg6+ Kh8 32. f6 Bd8 33. f7 Qe7 34.
Bxh6 Qxf7 35. Qxf7 gxh6 36. Rxd6 Be6 37. Rxe6 Bg5 38. Rc7 Rc8 39. Qg7# 1-0

[Event "ICS rated standard match"]
[Site "204.178.125.65"]
[Date "1999.12.05"]
[Round "?"]
[White "Hossa"]
[Black "Varguz"]
[Result "0-1"]
[WhiteElo "2174"]
[BlackElo "2492"]
[PlyCount "106"]
[EventDate "1999.??.??"]

1. e4 e5 2. Nf3 Nc6 3. Bb5 a6 4. Bxc6 dxc6 5. d4 exd4 6. Qxd4 Qxd4 7. Nxd4 Bd7
8. Nc3 O-O-O 9. Be3 Re8 10. O-O-O Bb4 11. Nde2 f5 12. Bd4 Bf8 13. f3 c5 14. Bf2
Nf6 15. Ng3 g6 16. Be3 fxe4 17. Ngxe4 Bf5 18. Rhe1 Nxe4 19. fxe4 Bg4 20. Rd2
Bd6 21. h3 Be6 22. Red1 Be5 23. a4 b6 24. Bh6 Rhg8 25. Bg5 h6 26. Be3 g5 27.
Nb1 Bf7 28. Rf2 Bg6 29. Nd2 Bg7 30. Re2 Bxe4 31. Bxc5 Bc6 32. Be3 Bxg2 33. Rxg2
Rxe3 34. Rh2 Rge8 35. Nc4 R3e4 36. b3 b5 37. Nd2 Re3 38. Nf1 Rc3 39. axb5 axb5
40. Rh1 Re5 41. Rh2 Re6 42. Rd5 Rf3 43. Rd1 Ra6 44. Nd2 Ra1+ 45. Nb1 Ra2 46.
Nd2 Bc3 47. Rdh1 Ra1+ 48. Nb1 Rf6 49. Rf2 Rxb1+ 50. Kxb1 Ra6 51. Rf8+ Kb7 52.
Ra8 Rxa8 53. Rd1 Ra1# 0-1

[Event "ICS rated standard match"]
[Site "204.178.125.65"]
[Date "1999.12.05"]
[Round "?"]
[White "Varguz"]
[Black "Hossa"]
[Result "1-0"]
[WhiteElo "2496"]
[BlackElo "2170"]
[PlyCount "87"]
[EventDate "1999.??.??"]

1. d4 Nf6 2. Nf3 e6 3. g3 d5 4. Bg2 Bd6 5. Bg5 c5 6. c4 dxc4 7. dxc5 Qa5+ 8.
Nbd2 Bxc5 9. Bxf6 gxf6 10. O-O Qa6 11. Rc1 Bd7 12. Rxc4 Be7 13. Nd4 Nc6 14.
Nxc6 bxc6 15. Qa4 Qxa4 16. Rxa4 a6 17. Nb3 c5 18. Ra5 Rb8 19. Rxa6 Kf8 20. Ra7
Bb5 21. Rd1 Rg8 22. e3 c4 23. Nd4 Be8 24. Rd2 Rg5 25. h4 Rc5 26. Rc2 Bd8 27.
Bf1 e5 28. Nf5 Rcb5 29. Bxc4 Rxb2 30. Rxb2 Rxb2 31. Nd6 Rc2 32. a4 Be7 33. Nxe8
Kxe8 34. Ra8+ Bd8 35. Bxf7+ Kxf7 36. Rxd8 Ra2 37. Ra8 h5 38. a5 Ke6 39. a6 Kd5
40. g4 hxg4 41. Kg2 Ke4 42. h5 Rc2 43. Rb8 Kf5 44. a7 1-0

[Event "ICS rated standard match"]
[Site "204.178.125.65"]
[Date "1999.12.05"]
[Round "?"]
[White "Bootemout"]
[Black "Hossa"]
[Result "1/2-1/2"]
[WhiteElo "2096"]
[BlackElo "2166"]
[PlyCount "130"]
[EventDate "1999.??.??"]

1. d4 Nf6 2. Nf3 e6 3. g3 d5 4. Bg2 Bd6 5. O-O O-O 6. Nbd2 b6 7. c4 Ba6 8. Qc2
Nc6 9. Re1 Nb4 10. Qb3 c5 11. a3 Nc6 12. Qa4 Bb7 13. dxc5 Bxc5 14. b4 Bd6 15.
Bb2 Rc8 16. Rac1 a6 17. cxd5 exd5 18. Nd4 b5 19. Qb3 Ne5 20. Nf5 Bb8 21. Nb1
Re8 22. Red1 Nc4 23. e3 Nxb2 24. Qxb2 Be5 25. Nd4 Qd7 26. Nd2 Bd6 27. Qb3 Rxc1
28. Rxc1 Rc8 29. Rc2 Ba8 30. Qd3 Qe8 31. N2b3 Rc4 32. Na5 Rxc2 33. Qxc2 Qd7 34.
h3 Bf8 35. Qf5 Qxf5 36. Nxf5 Nd7 37. Kf1 Ne5 38. Ke2 Nc4 39. Nxc4 bxc4 40. Nd4
Be7 41. Kd2 Bf6 42. Kc3 Kf8 43. e4 dxe4 44. Bf1 Bb7 45. Bxc4 Bc8 46. Bf1 Bd8
47. Kc4 Bc7 48. Kc5 e3 49. fxe3 Bxg3 50. a4 Be1 51. Nc2 Bd2 52. b5 axb5 53.
axb5 Bf5 54. Nd4 Be4 55. b6 Bxe3 56. Ba6 Bf4 57. Bc8 g6 58. b7 Ke7 59. Nc6+
Bxc6 60. Kxc6 f5 61. Kd5 Bb8 62. Be6 Bf4 63. Bg8 Kf8 64. Be6 Ke7 65. Bg8 Kf8
1/2-1/2

[Event "ICS rated standard match"]
[Site "204.178.125.65"]
[Date "1999.12.05"]
[Round "?"]
[White "Hossa"]
[Black "SPIKE-1"]
[Result "0-1"]
[WhiteElo "2163"]
[BlackElo "2489"]
[PlyCount "110"]
[EventDate "1999.??.??"]

1. d4 Nf6 2. Nf3 d5 3. e3 e6 4. Nbd2 c5 5. Be2 Nc6 6. O-O Bd6 7. dxc5 Bxc5 8.
c4 Bb6 9. b3 O-O 10. Bb2 Qe7 11. cxd5 exd5 12. Rc1 Bg4 13. Ng5 Bxe3 14. Nxh7
Bxd2 15. Nxf6+ gxf6 16. Bxg4 Bxc1 17. Qxc1 Qe4 18. Bxf6 Qg6 19. Qf4 Rfe8 20.
Bf3 Re6 21. Ba1 Rd8 22. Rd1 d4 23. Bxc6 bxc6 24. Qc7 Rde8 25. Rf1 Re1 26. Qg3
Qxg3 27. fxg3 c5 28. Bb2 R1e2 29. Ba3 R8e5 30. Rf2 Re1+ 31. Rf1 d3 32. Bc1 Rxc1
33. Rxc1 d2 34. Rd1 Re1+ 35. Kf2 Rxd1 36. Ke3 Ra1 37. Kxd2 Rxa2+ 38. Kc3 Rxg2
39. Kc4 Rxh2 40. Kxc5 Rg2 41. b4 Rxg3 42. Kd5 Rd3+ 43. Ke5 Rb3 44. Kd6 Rxb4 45.
Kc5 a5 46. Kc6 a4 47. Kc5 Rh4 48. Kd6 a3 49. Kd5 a2 50. Kc5 a1=Q 51. Kd6 Qa6+
52. Kd7 Rd4+ 53. Kc7 Rc4+ 54. Kd8 Qd6+ 55. Ke8 Re4# 0-1

[Event "ICS Rated blitz match"]
[Site "204.178.125.65"]
[Date "1999.12.05"]
[Round "?"]
[White "GaryG"]
[Black "Hossa"]
[Result "0-1"]
[WhiteElo "2616"]
[BlackElo "2499"]
[PlyCount "86"]
[EventDate "1999.??.??"]

1. e4 e5 2. Nf3 Nc6 3. Bb5 a6 4. Ba4 Nf6 5. O-O Be7 6. d3 b5 7. Bb3 d6 8. a4 b4
9. Nbd2 Bg4 10. h3 Bh5 11. a5 O-O 12. g4 Bg6 13. Nh4 Kh8 14. f4 exf4 15. Rxf4
d5 16. Nxg6+ fxg6 17. exd5 Bc5+ 18. Kh1 Nd4 19. Bc4 Qd6 20. Nb3 Nxb3 21. Bxb3
Nxd5 22. Rxf8+ Rxf8 23. Qe1 Qc6 24. Bxd5 Qxd5+ 25. Qe4 Rf1+ 26. Kg2 Qf7 27. Be3
Rxa1 28. Bxc5 Rc1 29. Qxb4 Rxc2+ 30. Kg3 Qe8 31. Bf2 Qe5+ 32. Kg2 Qd5+ 33. Kg1
h6 34. Qe4 Qxe4 35. dxe4 Re2 36. b4 Rxe4 37. Bc5 Re2 38. Bd4 c6 39. Bc5 Kg8 40.
Bd6 g5 41. Bc5 Rb2 42. Bd6 Kf7 43. Kf1 Rd2 0-1

[Event "ICS rated blitz match"]
[Site "204.178.125.65"]
[Date "1999.12.05"]
[Round "?"]
[White "Hossa"]
[Black "GaryG"]
[Result "0-1"]
[WhiteElo "2520"]
[BlackElo "2595"]
[PlyCount "108"]
[EventDate "1999.??.??"]

1. e4 c5 2. Nf3 d6 3. Bb5+ Bd7 4. Bxd7+ Qxd7 5. O-O Nf6 6. e5 dxe5 7. Nxe5 Qc7
8. Qe1 e6 9. Na3 Nc6 10. Nb5 Qxe5 11. Qxe5 Nxe5 12. d4 cxd4 13. Nc7+ Kd7 14.
Nxa8 Bd6 15. Rd1 Nc6 16. Nb6+ axb6 17. Bd2 Rc8 18. Be1 b5 19. Rd2 Nb4 20. c3
dxc3 21. bxc3 Nbd5 22. Rc2 Ne4 23. Rac1 Be5 24. h4 Nexc3 25. g3 b4 26. Kh1 Rc6
27. Rd2 Ra6 28. f4 Bd6 29. f5 exf5 30. Ra1 Be5 31. h5 b3 32. a4 Ke6 33. Ra3
Rxa4 34. Rxa4 Nxa4 35. Rd3 Ndc3 36. h6 b2 37. hxg7 Bxg7 38. Re3+ Kd6 39. Bxc3
Nxc3 40. Re1 Bh6 41. Rf1 Bc1 42. Rxf5 b1=Q 43. Rf1 Qe4+ 44. Kg1 Qe2 45. Rxc1
Qe3+ 46. Kg2 Qxc1 47. Kf3 b5 48. g4 b4 49. Kg2 b3 50. g5 b2 51. g6 b1=Q 52.
gxf7 Qf1+ 53. Kg3 Qg6+ 54. Kh4 Qh1# 0-1

[Event "ICS rated blitz match"]
[Site "204.178.125.65"]
[Date "1999.12.05"]
[Round "?"]
[White "GaryG"]
[Black "Hossa"]
[Result "1-0"]
[WhiteElo "2608"]
[BlackElo "2507"]
[PlyCount "155"]
[EventDate "1999.??.??"]

1. Nf3 c5 2. e4 Nc6 3. Bb5 e6 4. Bxc6 dxc6 5. d3 Qc7 6. O-O e5 7. Nbd2 Ne7 8.
b3 Ng6 9. Re1 Be7 10. Bb2 O-O 11. a3 Rd8 12. Nc4 Bf6 13. Ne3 Be6 14. Qd2 Qe7
15. Qc3 Bd7 16. Nc4 Re8 17. h3 Kh8 18. Ncd2 Rad8 19. b4 cxb4 20. axb4 Ra8 21.
Ra3 a6 22. Nb3 Rad8 23. Ra5 Bc8 24. Nbd2 b6 25. Raa1 Qc7 26. Nc4 Re7 27. Bc1
Nh4 28. Nxh4 Bxh4 29. Be3 c5 30. bxc5 bxc5 31. Ra5 Bf6 32. Rxc5 Qb8 33. Na5 Bd7
34. Nc6 Bxc6 35. Rxc6 Qb5 36. Ra1 Re6 37. Rxe6 fxe6 38. Qa3 Qc6 39. Ra2 Rb8 40.
Qxa6 Rb1+ 41. Kh2 Qe8 42. Qd6 Qg8 43. Ra6 Rb2 44. Qc6 Rb8 45. Qxe6 Rc8 46. c4
Rd8 47. Qxg8+ Kxg8 48. Ra3 Be7 49. Ra7 Bf8 50. c5 Rc8 51. Ra5 Rd8 52. c6 Rc8
53. Ra6 Bd6 54. g3 Bc7 55. f4 Rd8 56. Ra7 Rxd3 57. Bg1 Rd2+ 58. Kh1 Bd6 59. Rd7
exf4 60. gxf4 Rd3 61. Kg2 g5 62. e5 Rc3 63. exd6 Rxc6 64. fxg5 Rc2+ 65. Kf3
Rc3+ 66. Be3 Rd3 67. Ke4 Rd1 68. Bd4 Re1+ 69. Kd5 Rd1 70. Rc7 Kf8 71. Rc8+ Kf7
72. d7 Rc1 73. d8=Q Rxc8 74. Qxc8 Ke7 75. Qe6+ Kf8 76. Bf6 h6 77. Qe7+ Kg8 78.
Qg7# 1-0

[Event "ICS rated blitz match"]
[Site "204.178.125.65"]
[Date "1999.12.05"]
[Round "?"]
[White "Hossa"]
[Black "PostModernist"]
[Result "1-0"]
[WhiteElo "2496"]
[BlackElo "2629"]
[PlyCount "107"]
[EventDate "1999.??.??"]

1. e4 c5 2. Nf3 Nc6 3. d4 cxd4 4. Nxd4 g6 5. Nc3 Bg7 6. Be3 Nf6 7. Bc4 O-O 8.
Bb3 a5 9. O-O d6 10. Qd3 Nxd4 11. Bxd4 e5 12. Be3 Ng4 13. h3 Nxe3 14. fxe3 Ra6
15. Bc4 Rc6 16. Rad1 Qg5 17. Rf3 Be6 18. Bd5 Rb6 19. Na4 Ra6 20. Bxb7 Ra7 21.
Bd5 Bd7 22. Nb6 Qd8 23. Nxd7 Qxd7 24. Rdf1 Qa4 25. Qb3 Qxb3 26. axb3 Rc7 27. c3
h5 28. g4 h4 29. g5 Bh8 30. Kg2 Bg7 31. R3f2 Re7 32. Kf3 Rd7 33. Kg4 Ra7 34.
Kxh4 Rc7 35. Kg4 Bh8 36. b4 axb4 37. cxb4 Bg7 38. b5 Rb8 39. Rxf7 Rxf7 40.
Bxf7+ Kh7 41. Bc4 Rc8 42. b3 Ra8 43. Rf7 Kh8 44. Rd7 Rb8 45. Rxd6 Kh7 46. b6
Bf8 47. Rc6 Bg7 48. Ba6 Bf8 49. b7 Kg7 50. Rc7+ Kg8 51. Rc8 Rxb7 52. Bxb7 Kg7
53. Rc7+ Kh8 54. Bd5 1-0

[Event "ICS rated blitz match"]
[Site "204.178.125.65"]
[Date "1999.12.05"]
[Round "?"]
[White "PostModernist"]
[Black "Hossa"]
[Result "1-0"]
[WhiteElo "2607"]
[BlackElo "2518"]
[PlyCount "107"]
[EventDate "1999.??.??"]

1. d4 Nf6 2. Nf3 d5 3. c4 e6 4. Nc3 Be7 5. Bg5 Nbd7 6. e3 O-O 7. Rc1 Nb6 8. c5
Nbd7 9. Bd3 h6 10. Bxf6 Nxf6 11. O-O c6 12. a3 Bd7 13. Ne5 Be8 14. Qc2 g6 15.
b4 Nd7 16. Nxd7 Qxd7 17. Qe2 Qc7 18. Qf3 e5 19. Qg3 Bf6 20. Rfe1 Rd8 21. Qf3
Bg7 22. dxe5 Bd7 23. e6 fxe6 24. Qg4 g5 25. Red1 e5 26. Qg3 Be6 27. Bg6 Rf6 28.
Bh5 Rdf8 29. f3 Bf7 30. Bxf7+ Qxf7 31. e4 d4 32. Nb1 Qb3 33. Qe1 Rf4 34. Qe2
R8f7 35. Rd3 Qa4 36. Nd2 b5 37. cxb6 axb6 38. Nc4 Rb7 39. Nd6 Rc7 40. Nf5 Rf7
41. Qa2 Qa6 42. Rd2 Qa8 43. Rdc2 Qa7 44. Nd6 Kh7 45. Nxf7 Rxf7 46. Rxc6 Rf4 47.
Rc7 Qa6 48. Rxg7+ Kxg7 49. Rc7+ Kg6 50. Qe6+ Kh5 51. Qe8+ Rf7 52. Qxf7+ Kh4 53.
g3+ Kh3 54. Qh5# 1-0

[Event "ICS rated blitz match"]
[Site "204.178.125.65"]
[Date "1999.12.05"]
[Round "?"]
[White "Hossa"]
[Black "PostModernist"]
[Result "1/2-1/2"]
[WhiteElo "2506"]
[BlackElo "2619"]
[PlyCount "59"]
[EventDate "1999.??.??"]

1. d4 Nf6 2. Nf3 e6 3. g3 c5 4. Bg2 cxd4 5. Nxd4 d5 6. c4 Bb4+ 7. Nd2 Qb6 8.
Nc2 Bxd2+ 9. Qxd2 dxc4 10. Ne3 Qc5 11. Qc3 Nc6 12. Nxc4 O-O 13. O-O Nd5 14. Qd3
Ndb4 15. Qe4 f5 16. Be3 Qb5 17. a4 Qa6 18. Qh4 f4 19. Bc5 Qxc4 20. Bxf8 Kxf8
21. Qxh7 Qxe2 22. Rab1 Ne7 23. Rfe1 Qc2 24. Qh8+ Kf7 25. Be4 Qxa4 26. Qh5+ Kf8
27. Qh8+ Kf7 28. Qh5+ Kf8 29. Qh8+ Kf7 30. Qh5+ 1/2-1/2

[Event "ICS rated blitz match"]
[Site "204.178.125.65"]
[Date "1999.12.05"]
[Round "?"]
[White "inmichess"]
[Black "Hossa"]
[Result "1-0"]
[WhiteElo "2504"]
[BlackElo "2511"]
[PlyCount "99"]
[EventDate "1999.??.??"]

1. e4 e5 2. Nf3 Nc6 3. Bb5 a6 4. Bxc6 dxc6 5. Nc3 Bg4 6. h3 Bxf3 7. Qxf3 Bb4 8.
d3 Nf6 9. Be3 Qe7 10. O-O O-O 11. Qe2 Bc5 12. a3 Qd6 13. Na4 Bd4 14. c3 Bxe3
15. Qxe3 Nd7 16. d4 Rad8 17. b4 Rfe8 18. Rfd1 Qe6 19. dxe5 b6 20. Qd3 Qxe5 21.
Qxa6 b5 22. Qxc6 Nf6 23. Nc5 Rxd1+ 24. Rxd1 Qxc3 25. Qxb5 Kh8 26. a4 c6 27.
Qxc6 Qc2 28. Rf1 Rxe4 29. Qb7 Re8 30. Qxf7 Rg8 31. a5 Qd2 32. Qb7 Re8 33. a6
Qc2 34. a7 Qa2 35. Nb3 Qxb3 36. a8=Q Rxa8 37. Qxa8+ Qg8 38. Ra1 h6 39. b5 Nd7
40. Qb7 Qe6 41. Qc8+ Kh7 42. Rd1 Nf8 43. Qxf8 Qb6 44. Qf5+ Kg8 45. Rc1 Qf6 46.
Qxf6 gxf6 47. Rc7 Kf8 48. b6 Ke8 49. b7 h5 50. b8=Q# 1-0

[Event "ICS rated blitz match"]
[Site "204.178.125.65"]
[Date "1999.12.05"]
[Round "?"]
[White "Hossa"]
[Black "brutus"]
[Result "1/2-1/2"]
[WhiteElo "2495"]
[BlackElo "2133"]
[PlyCount "43"]
[EventDate "1999.??.??"]

1. e4 e6 2. d4 d5 3. Nc3 Nf6 4. Bg5 Bb4 5. e5 h6 6. Bd2 Bxc3 7. bxc3 Ne4 8. Nf3
c5 9. Bd3 Nxd2 10. Qxd2 cxd4 11. cxd4 Bd7 12. Rb1 b6 13. O-O Nc6 14. Rfc1 Na5
15. Qb4 Qe7 16. Qxe7+ Kxe7 17. Ba6 Bc8 18. Bd3 Bd7 19. Ba6 Bc8 20. Bd3 Bd7 21.
Ba6 Bc8 22. Bd3 1/2-1/2

[Event "ICS rated blitz match"]
[Site "204.178.125.65"]
[Date "1999.12.05"]
[Round "?"]
[White "brutus"]
[Black "Hossa"]
[Result "0-1"]
[WhiteElo "2141"]
[BlackElo "2483"]
[PlyCount "64"]
[EventDate "1999.??.??"]

1. e4 c5 2. Nf3 d6 3. d4 cxd4 4. Nxd4 Nf6 5. Nc3 a6 6. Bg5 e6 7. Qd2 Be7 8. f3
O-O 9. O-O-O b5 10. h4 Bb7 11. Bd3 Nbd7 12. g4 Ne5 13. Bxf6 Bxf6 14. g5 Be7 15.
f4 Nxd3+ 16. cxd3 b4 17. Nce2 d5 18. e5 Qb6 19. f5 Qc7+ 20. Kb1 Qxe5 21. f6 Bc5
22. Nb3 Bd6 23. d4 Qe4+ 24. Ka1 Rac8 25. Rc1 g6 26. Rxc8 Rxc8 27. Rc1 Rxc1+ 28.
Nbxc1 Qxh4 29. Nd3 a5 30. Nc5 Bxc5 31. dxc5 Qf2 32. Qc2 Ba6 0-1

[Event "ICS rated blitz match"]
[Site "204.178.125.65"]
[Date "1999.12.05"]
[Round "?"]
[White "Hossa"]
[Black "inmichess"]
[Result "0-1"]
[WhiteElo "2487"]
[BlackElo "2524"]
[PlyCount "104"]
[EventDate "1999.??.??"]

1. e4 e5 2. Nf3 Nc6 3. Bb5 Nf6 4. d3 d6 5. c3 Be7 6. O-O a6 7. Ba4 O-O 8. Bg5
h6 9. Bh4 Bg4 10. Nbd2 b5 11. Bb3 Na5 12. Qc2 Nxb3 13. axb3 g5 14. Bg3 Nh5 15.
d4 Nxg3 16. fxg3 Bf6 17. h3 Bd7 18. dxe5 dxe5 19. b4 g4 20. hxg4 Bxg4 21. Nh2
Be2 22. Rf2 Bd3 23. Qb3 Bg5 24. Nhf1 Qd6 25. g4 Bf4 26. Qd1 Rad8 27. Qf3 Rd7
28. Nb3 Bxf1 29. Rfxf1 Qb6+ 30. Nc5 Ra8 31. g3 Bg5 32. Rf2 Re7 33. b3 c6 34.
Ra5 Rea7 35. Kg2 Rd8 36. Rfa2 Rd2+ 37. Rxd2 Bxd2 38. Qd3 Bg5 39. Qd6 Qd8 40.
Qxe5 Bf6 41. Qf4 Bxc3 42. Rxa6 Rxa6 43. Nxa6 Qd3 44. Qb8+ Kg7 45. Qe8 Qe2+ 46.
Kh3 Qf1+ 47. Kh2 Bd4 48. Qe5+ Bxe5 49. g5 Qf2+ 50. Kh1 Qxg3 51. gxh6+ Kxh6 52.
Nc5 Qh2# 0-1

[Event "ICS rated blitz match"]
[Site "204.178.125.65"]
[Date "1999.12.05"]
[Round "?"]
[White "inmichess"]
[Black "Hossa"]
[Result "1/2-1/2"]
[WhiteElo "2541"]
[BlackElo "2473"]
[PlyCount "174"]
[EventDate "1999.??.??"]

1. e4 e5 2. Nf3 Nc6 3. Bc4 Bc5 4. d3 Nf6 5. Nc3 d6 6. Bg5 Na5 7. Bxf6 gxf6 8.
Na4 Nxc4 9. dxc4 Bb6 10. Nxb6 axb6 11. Qd3 Be6 12. O-O Rg8 13. Rfd1 Bg4 14. Re1
Qd7 15. b3 Bh5 16. Re3 Qg4 17. Ne1 Qg7 18. Rg3 Qh8 19. Rxg8+ Qxg8 20. a4 Qg4
21. f3 Qd7 22. Qd5 Qc6 23. Nd3 Qxd5 24. cxd5 Bg6 25. g4 Kd7 26. h4 h6 27. c4
Bh7 28. Kf2 Ke7 29. Ke3 Rg8 30. b4 Kd7 31. b5 Ra8 32. Nb4 Ra5 33. f4 Bg8 34. f5
Bh7 35. Ra2 Ke7 36. h5 Ra8 37. Ke2 Kd7 38. Ra1 Ra5 39. Kd3 Bg8 40. Kd2 Ke7 41.
Ke2 Bh7 42. Kf2 Kf8 43. Ra2 Bg8 44. Ke2 Kg7 45. Kd3 Ra8 46. Ra3 Kf8 47. Ke3 Ke7
48. Ra2 Bh7 49. Ke2 Kd7 50. Ra1 Ra5 51. Ra3 Ke8 52. Kd3 Bg8 53. Ra2 Kd7 54. Ra1
Ke7 55. Ke3 Kf8 56. Ra2 Kg7 57. Ra3 Ra7 58. Nd3 Kf8 59. Ra1 Ke7 60. Ra2 Ra5 61.
Nb4 Kd7 62. Ra1 Ra7 63. Ra3 Ke7 64. Ra2 Ra5 65. Kd3 Kf8 66. Ra3 Ra7 67. Ra1 Ra5
68. Kc3 Bh7 69. Nd3 Ra8 70. Kd2 Kg7 71. Ke3 Kh8 72. Ke2 Bg8 73. Kd2 Bh7 74. Kd1
Rg8 75. Nf2 Ra8 76. Kd2 Kg7 77. Ke3 Bg8 78. Nd3 Kf8 79. Nb4 Ra5 80. Ra3 Bh7 81.
Ra2 Bg8 82. Ra1 Ra7 83. Ra3 Ra5 84. Ke2 Bh7 85. Ra2 Kg7 86. Kf3 Ra7 87. Ke3 Ra5
1/2-1/2

[Event "ICS rated blitz match"]
[Site "204.178.125.65"]
[Date "1999.12.05"]
[Round "?"]
[White "WhiteCastles"]
[Black "Hossa"]
[Result "1-0"]
[WhiteElo "2807"]
[BlackElo "2476"]
[PlyCount "131"]
[EventDate "1999.??.??"]

1. e4 e5 2. Nf3 Nc6 3. Bb5 Nf6 4. Nc3 Bc5 5. O-O d6 6. d4 exd4 7. Nxd4 Bd7 8.
Nb3 Bb6 9. Bg5 h6 10. Bh4 g5 11. Bg3 O-O 12. a4 a6 13. Bxc6 Bxc6 14. a5 Ba7 15.
e5 dxe5 16. Qxd8 Rfxd8 17. Bxe5 Nd5 18. Rfe1 Nxc3 19. Bxc3 Rd7 20. Rad1 Rxd1
21. Rxd1 f5 22. Bd4 Rd8 23. Rd2 Re8 24. f3 Bb8 25. Bc5 h5 26. Nd4 Bd7 27. g3
Kf7 28. f4 g4 29. h4 Kf6 30. Kf2 Bc8 31. b4 Re4 32. c3 Re8 33. c4 Kf7 34. b5
axb5 35. cxb5 Rd8 36. Rc2 Re8 37. Ra2 Rd8 38. a6 Rd5 39. a7 Bxa7 40. Bxa7 Ke7
41. Rc2 Kd6 42. Ke3 Bd7 43. Bb8 Bxb5 44. Rxc7 Bd7 45. Rxb7+ Kc5 46. Be5 Kc4 47.
Rc7+ Kb4 48. Nc6+ Bxc6 49. Rxc6 Rd7 50. Rf6 Kc4 51. Rxf5 Rd3+ 52. Ke4 Rxg3 53.
Bd4 Rh3 54. Rc5+ Kb3 55. Rxh5 Kc2 56. f5 Kd2 57. f6 Rf3 58. Rf5 Rb3 59. f7 Rb8
60. f8=Q Rxf8 61. Rxf8 g3 62. Rb8 Ke2 63. Rb2+ Kd1 64. Kd3 Kc1 65. Ra2 Kd1 66.
Ra1# 1-0